The little prince / (Record no. 102745)
[ view plain ]
| 000 -LEADER | |
|---|---|
| fixed length control field | 006402261a2200181 4500 |
| 005 - DATE AND TIME OF LATEST TRANSACTION | |
| control field | 20140412111241.0 |
| 008 - FIXED-LENGTH DATA ELEMENTS--GENERAL INFORMATION | |
| fixed length control field | 140211s1982 xx 000 0 und d |
| 020 ## - INTERNATIONAL STANDARD BOOK NUMBER | |
| International Standard Book Number | 0-15-646511-6 |
| 050 ## - LIBRARY OF CONGRESS CALL NUMBER | |
| Classification number | M 843.912 |
| Item number | S137 1982 |
| 100 ## - MAIN ENTRY--PERSONAL NAME | |
| Personal name | Saint-Exupery, Antoine de, 1900-1944 |
| 245 ## - TITLE STATEMENT | |
| Title | The little prince / |
| Statement of responsibility, etc | by Antoine de Saint-Exupery. |
| 260 ## - PUBLICATION, DISTRIBUTION, ETC. (IMPRINT) | |
| Place of publication, distribution, etc | Orlando, Florida : |
| Name of publisher, distributor, etc | Harcourt Brace & Company, |
| Date of publication, distribution, etc | 1982. |
| 300 ## - PHYSICAL DESCRIPTION | |
| Extent | 97 p. ; ill. |
| 500 ## - GENERAL NOTE | |
| General note | Reprint originally published: New York, Harcourt, Brace & World, 1943. Translation of: Le petit prince. |
| 650 ## - SUBJECT ADDED ENTRY--TOPICAL TERM | |
| Topical term or geographic name as entry element | Children stories |
| General subdivision | Fiction |
| 650 ## - SUBJECT ADDED ENTRY--TOPICAL TERM | |
| Topical term or geographic name as entry element | Prince |
| General subdivision | Fiction |
| Withdrawn status | Lost status | Damaged status | Use restrictions | Home library | Current library | Shelving location | Date acquired | Source of acquisition | Total Checkouts | Full call number | Barcode | Date last seen | Price effective from | Koha item type |
|---|---|---|---|---|---|---|---|---|---|---|---|---|---|---|
| Elizalde Library | Elizalde Library | Main Section | 04/17/2002 | M 843.912 S137 1982 | E2630 | 04/12/2014 | 04/12/2014 | Books |